00710nam a2200157 a 450000100100000000500170001000800410002704000250006804100130009308200140010624502130012026000620033330000270039595201130042299900170053500003344720200930070250.0110829s1933 gw a 000 0 spa d aDO-SdBNPbspacBNPHU1 aspahger axxxbS59400aSimón Bolívar :bDiscursos pronunciados el día 19 de diciembre de 1932, en el Salón de Actos del Instituto Ibero-Americano de Berlín, con motivo de la solemne entrega del busto de Simón Bolívar. aBerlín :bInstituto Ibero-Americano de Berlín,c1933. a55 p. :bil. ;c23 cm. 0010507-18MOaPDbPDcOId2011-08-29iLF1l0oxxx S594p33447-10r2020-06-25w2020-06-25y1ZNo se presta c32938d32938